[Event "Zagreb Open 2011 Grupo B"]
[Site "Zagreb CRO"]
[Date "2011.04.14"]
[Round "4.4"]
[White "Hamer, Ivan"]
[Black "Medic, Mirjana"]
[Result "0-1"]
[WhiteElo "2094"]
[BlackElo "2271"]
[PlyCount "80"]
[EventDate "2011.04.11"]
[EventType "swiss"]
[EventRounds "9"]
[EventCountry "CRO"]
[Source "lmi"]
[SourceDate "2011.04.11"]

1. d4 e6 2. c4 f5 3. g3 Nf6 4. Bg2 d5 5. Nf3 c6 6. O-O Bd6 7. b3 Qe7 8. Bb2 b6
9. Nbd2 Bb7 10. Ne5 O-O 11. Ndf3 Ne4 12. Nd3 a5 13. Nfe5 Na6 14. a4 c5 15. e3
Rac8 16. Qe2 Nb4 17. Nxb4 cxb4 18. Rac1 Bxe5 19. dxe5 dxc4 20. bxc4 Nc5 21. Qc2
Bxg2 22. Kxg2 Qb7+ 23. f3 Qc6 24. Ra1 b3 25. Qc3 Rfd8 26. Rfd1 Rxd1 27. Rxd1
Qxa4 28. Rd6 Rb8 29. Qd4 h6 30. h4 Kh7 31. g4 fxg4 32. Qxg4 Qa2 33. Rd2 Qb1 34.
Kh2 Qg6 35. Qd4 Qf5 36. Rf2 Nd3 37. Rg2 Nxb2 38. Qxb2 a4 39. f4 Qe4 40. Qc3 Rb7
0-1

[Event "Zagreb Open 2011 Grupo B"]
[Site "Zagreb CRO"]
[Date "2011.04.14"]
[Round "4.5"]
[White "Savic, Miroslav"]
[Black "Draganic, Stjepan"]
[Result "0-1"]
[WhiteElo "2260"]
[BlackElo "2157"]
[PlyCount "118"]
[EventDate "2011.04.11"]
[EventType "swiss"]
[EventRounds "9"]
[EventCountry "CRO"]
[Source "lmi"]
[SourceDate "2011.04.11"]

1. d4 Nf6 2. c4 d5 3. cxd5 Qxd5 4. Nc3 Qa5 5. Nf3 c6 6. Bd2 e6 7. e4 Qc7 8. Rc1
Nbd7 9. e5 Nd5 10. Nxd5 exd5 11. Bd3 Be7 12. O-O Nf8 13. b4 a6 14. Qb3 Qb6 15.
a4 Ne6 16. Qb2 Bd7 17. a5 Qd8 18. Ne1 g5 19. Bf5 Ng7 20. Bxd7+ Qxd7 21. Nd3 Ne6
22. f4 gxf4 23. Nxf4 Rg8 24. Nxe6 fxe6 25. Rc3 O-O-O 26. b5 axb5 27. Qxb5 Qc7
28. Qb1 Kd7 29. Rb3 Kc8 30. Rf7 Rd7 31. h3 Bh4 32. Rxd7 Qxd7 33. Qc2 Qf7 34.
Be3 Qf5 35. Qxf5 exf5 36. Bf4 Bd8 37. Bd2 Rg7 38. Rf3 b6 39. a6 Kb8 40. Rxf5
Ka7 41. Rf8 Be7 42. Rc8 c5 43. Bh6 Rg6 44. Be3 Kxa6 45. Rc7 Re6 46. dxc5 bxc5
47. Bxc5 Bxc5+ 48. Rxc5 Rxe5 49. Kf2 Kb6 50. Rc2 d4 51. Rc4 Re4 52. Kf3 Kb5 53.
Rc7 Re3+ 54. Kf2 h6 55. Rc1 Kb4 56. Rc6 h5 57. Rc1 Rc3 58. Rd1 Kc4 59. g3 h4
0-1

[Event "Zagreb Open 2011 Grupo B"]
[Site "Zagreb CRO"]
[Date "2011.04.14"]
[Round "4.6"]
[White "Mihalinec, Damir"]
[Black "Vadla, Zeljko"]
[Result "0-1"]
[WhiteElo "2238"]
[BlackElo "2156"]
[PlyCount "76"]
[EventDate "2011.04.11"]
[EventType "swiss"]
[EventRounds "9"]
[EventCountry "CRO"]
[Source "lmi"]
[SourceDate "2011.04.11"]

1. c4 g6 2. Nc3 Bg7 3. g3 Nf6 4. Bg2 O-O 5. Nf3 d6 6. O-O Nc6 7. d3 Rb8 8. Bd2
a6 9. Qa4 Bd7 10. Qa3 Qc8 11. Rfc1 Bh3 12. Bh1 h6 13. b4 Ng4 14. Rab1 Nd4 15.
Nxd4 Bxd4 16. e3 Qf5 17. Nd1 Bg7 18. d4 e5 19. e4 Qh5 20. f3 exd4 21. fxg4 Bxg4
22. Nf2 Be2 23. Nd3 g5 24. c5 Rbe8 25. cxd6 cxd6 26. Qb3 Kh8 27. Rc7 b5 28. Nf2
Be5 29. Rbc1 Re6 30. Rc8 Rxc8 31. Rxc8+ Kg7 32. Bg2 Rf6 33. Qd5 Rxf2 34. Kxf2
Bd3 35. Qb3 Qe2+ 36. Kg1 Qxd2 37. Bf1 Qe3+ 38. Kg2 Bxe4+ 0-1

[Event "Zagreb Open 2011 Grupo B"]
[Site "Zagreb CRO"]
[Date "2011.04.14"]
[Round "4.7"]
[White "Zecevic, Dean"]
[Black "Franciskovic, Vinko"]
[Result "0-1"]
[WhiteElo "2215"]
[BlackElo "2132"]
[PlyCount "100"]
[EventDate "2011.04.11"]
[EventType "swiss"]
[EventRounds "9"]
[EventCountry "CRO"]
[Source "lmi"]
[SourceDate "2011.04.11"]

1. e4 e5 2. Nf3 Nc6 3. Bb5 Nge7 4. c3 d5 5. Nxe5 dxe4 6. d4 exd3 7. Qf3 Be6 8.
Nxc6 Nxc6 9. Bxc6+ bxc6 10. Qxc6+ Bd7 11. Qf3 Be6 12. O-O Qd5 13. Qxd5 Bxd5 14.
Rd1 O-O-O 15. Rxd3 Bc5 16. Be3 Bxa2 17. Rxd8+ Rxd8 18. Kf1 Bc4+ 19. Ke1 Bxe3
20. fxe3 Rd3 21. Rxa7 Rxe3+ 22. Kd1 Bd5 23. Kd2 Re6 24. Na3 Bxg2 25. Nb5 Bb7
26. b4 Rh6 27. c4 Rxh2+ 28. Kc3 Rh6 29. Ra1 Rh1 30. Ra2 Rh3+ 31. Kd4 Rh4+ 32.
Kc3 h5 33. Rf2 f6 34. c5 Bd5 35. Nd4 Rg4 36. b5 Rg3+ 37. Kb4 Rg4 38. Rd2 h4 39.
c6 h3 40. Kc5 Rg3 41. Kb4 Rg2 42. Rd3 h2 43. Rh3 Kd8 44. Rh8+ Ke7 45. Kc5 Be4
46. Rc8 Rg5+ 47. Kc4 h1=Q 48. Rxc7+ Kd6 49. Rd7+ Ke5 50. Re7+ Kf4 0-1

[Event "Zagreb Open 2011 Grupo B"]
[Site "Zagreb CRO"]
[Date "2011.04.14"]
[Round "4.8"]
[White "Lasic, Luka"]
[Black "Havas, Janko"]
[Result "1-0"]
[WhiteElo "2209"]
[BlackElo "2121"]
[PlyCount "141"]
[EventDate "2011.04.11"]
[EventType "swiss"]
[EventRounds "9"]
[EventCountry "CRO"]
[Source "lmi"]
[SourceDate "2011.04.11"]

1. d4 Nf6 2. c4 g6 3. Nc3 Bg7 4. e4 d6 5. Be2 O-O 6. Bg5 h6 7. Be3 e5 8. Nf3
Nc6 9. d5 Ne7 10. Nd2 Nh7 11. g4 f5 12. gxf5 gxf5 13. f3 fxe4 14. fxe4 Nxd5 15.
Nf1 Rxf1+ 16. Bxf1 Nxe3 17. Qd3 Qg5 18. Ne2 Nxf1 19. Qd5+ Kh8 20. Rxf1 Qe3 21.
Rd1 Ng5 22. Rd3 Qxe4 23. Qxe4 Nxe4 24. Rf7 c6 25. Ng3 Ng5 26. Re7 Bg4 27. Rxb7
Nf3+ 28. Kf2 Nd4 29. Ra3 a5 30. Kg2 c5 31. h3 Bf5 32. Rb6 Bf8 33. Rb7 Bg6 34.
Kf2 Bg7 35. Rd7 Nc2 36. Rb3 Rf8+ 37. Kg1 Rf6 38. Rb8+ Bf8 39. Ra8 e4 40. Re7 e3
41. Nf1 Bd3 42. Nxe3 Nxe3 43. Rxe3 Bxc4 44. Rxa5 d5 45. Re8 Kg7 46. b3 Bd3 47.
Re3 Bg6 48. Ra7+ Kh8 49. Ra8 d4 50. Re7 d3 51. Rd7 Kg8 52. Rad8 Rf7 53. a4 Rxd7
54. Rxd7 Bg7 55. a5 Bd4+ 56. Kf1 Bh5 57. Ke1 Bc3+ 58. Kf2 Bd4+ 59. Ke1 Bc3+ 60.
Kf2 Bd4+ 61. Ke1 Bf3 62. Kd2 Be4 63. a6 Kf8 64. a7 Ke8 65. Rd6 Ke7 66. Ra6 Ba8
67. Rxh6 Be4 68. Ra6 Ba8 69. Kxd3 Be5 70. Rb6 Kd7 71. Rb8 1-0

[Event "Zagreb Open 2011 Grupo B"]
[Site "Zagreb CRO"]
[Date "2011.04.14"]
[Round "4.9"]
[White "Matic, Zeljko"]
[Black "Ivekovic jr, Bozidar"]
[Result "1/2-1/2"]
[WhiteElo "2200"]
[BlackElo "2106"]
[PlyCount "79"]
[EventDate "2011.04.11"]
[EventType "swiss"]
[EventRounds "9"]
[EventCountry "CRO"]
[Source "lmi"]
[SourceDate "2011.04.11"]

1. c4 c5 2. Nf3 Nf6 3. g3 g6 4. Bg2 Bg7 5. O-O O-O 6. Nc3 Nc6 7. d4 d6 8. dxc5
dxc5 9. Bf4 Be6 10. Ne5 Na5 11. Nd3 Nh5 12. Be3 Nxc4 13. Nxc5 Nxb2 14. Qc2 Nc4
15. Nxe6 Nxe3 16. fxe3 fxe6 17. Rxf8+ Qxf8 18. Bxb7 Rb8 19. Rb1 Bxc3 20. Qxc3
Nf6 21. Qe5 Qd8 22. Qxe6+ Kh8 23. Qe5 Kg7 24. Kg2 Qd6 25. Qxd6 exd6 26. Rb3 Ng4
27. e4 Ne5 28. Bd5 Rxb3 29. Bxb3 Kf6 30. h3 Nd7 31. Kf3 Ke5 32. h4 Nf6 33. Bc2
h6 34. Ke3 g5 35. hxg5 hxg5 36. Bd3 Ng4+ 37. Kf3 Nh2+ 38. Kg2 Ng4 39. Kf3 Nh2+
40. Kg2 1/2-1/2

[Event "Zagreb Open 2011 Grupo B"]
[Site "Zagreb CRO"]
[Date "2011.04.14"]
[Round "4.10"]
[White "Jelecevic, Ivo"]
[Black "Maslac, Zvonimir"]
[Result "0-1"]
[WhiteElo "2183"]
[BlackElo "2114"]
[PlyCount "97"]
[EventDate "2011.04.11"]
[EventType "swiss"]
[EventRounds "9"]
[EventCountry "CRO"]
[Source "lmi"]
[SourceDate "2011.04.11"]

1. e4 c6 2. d4 d5 3. e5 Bf5 4. Nf3 e6 5. Be2 c5 6. Be3 Qb6 7. Nc3 c4 8. Na4 Qc6
9. Nc3 Bb4 10. a4 Ba5 11. O-O a6 12. Nh4 Bg6 13. f4 Bd8 14. Nf3 Ne7 15. Qd2 Ba5
16. Nh4 Nd7 17. Bg4 f5 18. exf6 Nxf6 19. Qe2 O-O 20. Nxg6 hxg6 21. Bh3 Nf5 22.
Bf2 Bxc3 23. bxc3 Ne4 24. Be1 b5 25. g4 Nfd6 26. axb5 axb5 27. Rxa8 Rxa8 28.
Bh4 Ra3 29. Be1 Qd7 30. Rf3 Qa7 31. f5 exf5 32. gxf5 g5 33. f6 gxf6 34. Be6+
Kg7 35. Bxd5 Qd7 36. Re3 f5 37. Qh5 Ra1 38. Kf1 Qe7 39. Kg2 Qf6 40. Bg3 f4 41.
Bxe4 Nxe4 42. Rxe4 fxg3 43. Qe2 gxh2 44. Re7+ Kg6 45. Kxh2 Qh8+ 46. Kg3 Qh4+
47. Kf3 Qh1+ 48. Kf2 Qg1+ 49. Kf3 0-1

[Event "Zagreb Open 2011 Grupo B"]
[Site "Zagreb CRO"]
[Date "2011.04.14"]
[Round "4.11"]
[White "Naglic Franjkovic, Marko"]
[Black "Brankovic, Ljubomir"]
[Result "1-0"]
[WhiteElo "2167"]
[BlackElo "2055"]
[PlyCount "91"]
[EventDate "2011.04.11"]
[EventType "swiss"]
[EventRounds "9"]
[EventCountry "CRO"]
[Source "lmi"]
[SourceDate "2011.04.11"]

1. e4 c5 2. Nf3 e6 3. d4 cxd4 4. Nxd4 a6 5. g3 Nc6 6. Bg2 Qc7 7. O-O Nf6 8. Nc3
Nxd4 9. Qxd4 Bc5 10. Qd3 O-O 11. Bf4 d6 12. Rad1 e5 13. Bg5 Be6 14. Bxf6 gxf6
15. Nd5 Bxd5 16. exd5 Kg7 17. Rde1 Rh8 18. Re4 Kf8 19. Rh4 h6 20. Qf5 Ke7 21.
Kh1 Qc8 22. Qd3 Qg8 23. f4 Qg7 24. Bh3 h5 25. b4 Bb6 26. a4 Rh6 27. a5 Ba7 28.
c4 b6 29. axb6 Bxb6 30. c5 Bc7 31. Ra1 Qf8 32. Qf5 Qd8 33. c6 Bb6 34. Bf1 a5
35. bxa5 Rxa5 36. Rxa5 Bxa5 37. Kg2 Qb8 38. Kh3 Rh8 39. Qd7+ Kf8 40. fxe5 fxe5
41. Be2 Qd8 42. Qf5 Ke7 43. Kg2 Qb8 44. Qd7+ Kf6 45. Rxh5 Rxh5 46. Bxh5 1-0

[Event "Zagreb Open 2011 Grupo B"]
[Site "Zagreb CRO"]
[Date "2011.04.14"]
[Round "4.12"]
[White "Margitic, Zdravko"]
[Black "Sribar, Peter"]
[Result "0-1"]
[WhiteElo "2145"]
[BlackElo "2164"]
[PlyCount "68"]
[EventDate "2011.04.11"]
[EventType "swiss"]
[EventRounds "9"]
[EventCountry "CRO"]
[Source "lmi"]
[SourceDate "2011.04.11"]

1. e4 c5 2. g3 Nc6 3. Bg2 g6 4. Nf3 Bg7 5. O-O e5 6. Nc3 Nge7 7. Nd5 Nxd5 8.
exd5 Ne7 9. c4 d6 10. d3 O-O 11. Bd2 h6 12. Qc1 Kh7 13. Nh4 f5 14. f4 exf4 15.
Bxf4 g5 16. Bxg5 hxg5 17. Qxg5 Bh6 18. Qh5 Qe8 19. Qe2 Bd7 20. Rae1 Bg5 21. Nf3
Bf6 22. h4 Qg6 23. Ng5+ Bxg5 24. hxg5 Rae8 25. Qd2 Rg8 26. Bf3 Qxg5 27. Qh2+
Qh6 28. Qg2 Ng6 29. Be2 Qe3+ 30. Kh2 Qh6+ 31. Kg1 Ne5 32. Bd1 Nxd3 33. Rxe8
Rxe8 34. Bc2 Qe3+ 0-1

[Event "Zagreb Open 2011 Grupo B"]
[Site "Zagreb CRO"]
[Date "2011.04.14"]
[Round "4.15"]
[White "Cop, Tomislav"]
[Black "Takac, Zvonko"]
[Result "1-0"]
[WhiteElo "2268"]
[BlackElo "2075"]
[PlyCount "105"]
[EventDate "2011.04.11"]
[EventType "swiss"]
[EventRounds "9"]
[EventCountry "CRO"]
[Source "lmi"]
[SourceDate "2011.04.11"]

1. e4 e5 2. Nf3 Nc6 3. Bc4 Nf6 4. Ng5 d5 5. exd5 Na5 6. Bb5+ c6 7. dxc6 bxc6 8.
Bd3 h6 9. Ne4 Be7 10. Nxf6+ Bxf6 11. Nc3 O-O 12. Qf3 Rb8 13. Be4 Be7 14. Bf5
Ba6 15. d3 Bg5 16. Bxg5 Qxg5 17. h4 Qe7 18. Rb1 g6 19. Be4 f5 20. Bxc6 Nxc6 21.
Qxc6 Bb7 22. Qxg6+ Qg7 23. Qxg7+ Kxg7 24. f3 Kf6 25. Kf2 Bc6 26. Rhd1 Rb4 27.
g3 Rfb8 28. b3 Rc8 29. Ne2 Bb7 30. c4 Rb6 31. d4 e4 32. d5 exf3 33. Nd4 Re8 34.
Re1 Re4 35. Nxf3 Ra6 36. Rb2 Rxe1 37. Kxe1 f4 38. Kf2 Kf5 39. Re2 fxg3+ 40.
Kxg3 Rg6+ 41. Kf2 Kf4 42. Re7 Bc8 43. Rf7+ Ke4 44. Re7+ Kf4 45. c5 Bh3 46. Ne1
Ra6 47. a4 Kg4 48. Re6 Rxe6 49. dxe6 Kxh4 50. e7 Bd7 51. Nf3+ Kh5 52. Ne5 Be8
53. c6 1-0

[Event "Zagreb Open 2011 Grupo B"]
[Site "Zagreb CRO"]
[Date "2011.04.14"]
[Round "4.16"]
[White "Blagojevic, Marijan"]
[Black "Curic, Drazen"]
[Result "0-1"]
[WhiteElo "2128"]
[BlackElo "2264"]
[PlyCount "32"]
[EventDate "2011.04.11"]
[EventType "swiss"]
[EventRounds "9"]
[EventCountry "CRO"]
[Source "lmi"]
[SourceDate "2011.04.11"]

1. d4 Nf6 2. c4 e6 3. Nf3 c5 4. g3 cxd4 5. Nxd4 Bc5 6. Nc3 Nc6 7. Nc2 d5 8.
cxd5 exd5 9. Bg2 d4 10. Ne4 Nxe4 11. Bxe4 Bh3 12. a3 O-O 13. b4 Bb6 14. f4 Re8
15. Qd3 Qe7 16. Bf3 Qe6 0-1

[Event "Zagreb Open 2011 Grupo B"]
[Site "Zagreb CRO"]
[Date "2011.04.14"]
[Round "4.17"]
[White "Ugrin, Dragan"]
[Black "Frouth, Nenad"]
[Result "1-0"]
[WhiteElo "2109"]
[BlackElo "2259"]
[PlyCount "93"]
[EventDate "2011.04.11"]
[EventType "swiss"]
[EventRounds "9"]
[EventCountry "CRO"]
[Source "lmi"]
[SourceDate "2011.04.11"]

1. e4 e5 2. Nf3 Nc6 3. Bb5 a6 4. Ba4 Nf6 5. O-O Be7 6. Re1 b5 7. Bb3 O-O 8. a4
b4 9. c3 d6 10. d4 bxc3 11. bxc3 exd4 12. cxd4 Bg4 13. Be3 Rb8 14. Nbd2 Na5 15.
Bc2 c5 16. h3 Bh5 17. d5 Rb4 18. Qe2 Qa8 19. Bd3 Bg6 20. Bf4 Rfb8 21. Nh4 R8b6
22. Nxg6 hxg6 23. Be3 Nd7 24. f4 Bf6 25. Ra2 Bd4 26. Bxd4 Rxd4 27. Nf3 Rdb4 28.
Rf1 Nf6 29. Kh2 Qe8 30. Rc1 Rxa4 31. e5 dxe5 32. Rxa4 Qxa4 33. Qxe5 Qd7 34. Ra1
c4 35. Be2 Rb5 36. Rd1 Nxd5 37. Nd4 Rc5 38. Bf3 f6 39. Qe6+ Qf7 40. Qd6 Nb7 41.
Qxa6 Nd8 42. Qa8 Qd7 43. Ne6 Rc8 44. Rxd5 Qxe6 45. Rxd8+ Rxd8 46. Qxd8+ Kh7 47.
Bd5 1-0

[Event "Zagreb Open 2011 Grupo B"]
[Site "Zagreb CRO"]
[Date "2011.04.14"]
[Round "4.18"]
[White "Bender, Zdenko"]
[Black "Tscharotschkin, Michael"]
[Result "1/2-1/2"]
[WhiteElo "2100"]
[BlackElo "2218"]
[PlyCount "85"]
[EventDate "2011.04.11"]
[EventType "swiss"]
[EventRounds "9"]
[EventCountry "CRO"]
[Source "lmi"]
[SourceDate "2011.04.11"]

1. d4 d5 2. Bg5 Nd7 3. Nd2 Ngf6 4. e3 e6 5. Ngf3 Be7 6. Bd3 c5 7. c3 O-O 8. O-O
b6 9. Qc2 Bb7 10. Rfe1 h6 11. Bh4 c4 12. Bf1 b5 13. a3 Ne4 14. Bxe7 Qxe7 15.
Re2 f5 16. Ne1 e5 17. Ndf3 Rae8 18. Rd1 a6 19. Nxe5 Nxe5 20. dxe5 Qxe5 21. Rd4
Nc5 22. g3 Nb3 23. Rd1 Ba8 24. f4 Qc7 25. Bg2 Qb6 26. Kf2 Rd8 27. Nf3 Nc5 28.
Ne5 Qc7 29. Bf3 Bc6 30. Red2 Bb7 31. Bxd5+ Bxd5 32. Rxd5 Nd3+ 33. R1xd3 cxd3
34. Qxd3 Rxd5 35. Qxd5+ Kh7 36. Nd7 Rd8 37. Qxf5+ Kg8 38. Qe6+ Kh8 39. Ne5 Rd2+
40. Ke1 Rxb2 41. Ng6+ Kh7 42. Nf8+ Kh8 43. Ng6+ 1/2-1/2

[Event "Zagreb Open 2011 Grupo B"]
[Site "Zagreb CRO"]
[Date "2011.04.14"]
[Round "4.19"]
[White "Ivekovic, Bozidar"]
[Black "Vukovic, Ivo"]
[Result "1/2-1/2"]
[WhiteElo "2084"]
[BlackElo "2213"]
[PlyCount "65"]
[EventDate "2011.04.11"]
[EventType "swiss"]
[EventRounds "9"]
[EventCountry "CRO"]
[Source "lmi"]
[SourceDate "2011.04.11"]

1. e4 d6 2. d4 Nf6 3. Nc3 g6 4. Be3 c6 5. f3 Bg7 6. Qd2 e5 7. dxe5 dxe5 8.
Qxd8+ Kxd8 9. Bc4 Ke8 10. g4 h5 11. g5 Nfd7 12. h4 Nf8 13. Rh2 Be6 14. Bf1 Nfd7
15. Rd2 Bf8 16. a3 Bc5 17. Kf2 Bxe3+ 18. Kxe3 Nb6 19. Rad1 N8d7 20. b3 Ke7 21.
Bh3 Bxh3 22. Nxh3 Rhd8 23. Nf2 Nc5 24. Ne2 Rxd2 25. Rxd2 a5 26. a4 Ne6 27. Nd3
Nd7 28. c3 Nec5 29. Nec1 Rf8 30. Rc2 Ra8 31. Rd2 Rf8 32. Ra2 Ra8 33. Rd2
1/2-1/2

[Event "Zagreb Open 2011 Grupo B"]
[Site "Zagreb CRO"]
[Date "2011.04.14"]
[Round "4.20"]
[White "Strniscak, Tomislav"]
[Black "Greb, Nikola"]
[Result "1/2-1/2"]
[WhiteElo "2212"]
[BlackElo "2069"]
[PlyCount "46"]
[EventDate "2011.04.11"]
[EventType "swiss"]
[EventRounds "9"]
[EventCountry "CRO"]
[Source "lmi"]
[SourceDate "2011.04.11"]

1. e4 c5 2. c3 g6 3. d4 cxd4 4. cxd4 d5 5. Nc3 dxe4 6. Bc4 Nf6 7. Qb3 e6 8. d5
exd5 9. Nxd5 Nxd5 10. Bxd5 Qe7 11. Bd2 Nc6 12. Bxc6+ bxc6 13. Qc3 e3 14. Bxe3
Qb4 15. Bd4 Rg8 16. Nf3 Be6 17. O-O Qxc3 18. Bxc3 O-O-O 19. Ng5 Bg7 20. Nxe6
fxe6 21. Rac1 Kb7 22. Bb4 Rd4 23. a3 Rd3 1/2-1/2

[Event "Zagreb Open 2011 Grupo B"]
[Site "Zagreb CRO"]
[Date "2011.04.14"]
[Round "4.24"]
[White "Bakalar, Jan"]
[Black "Vrsek, Ivan"]
[Result "0-1"]
[WhiteElo "2061"]
[BlackElo "2204"]
[PlyCount "62"]
[EventDate "2011.04.11"]
[EventType "swiss"]
[EventRounds "9"]
[EventCountry "CRO"]
[Source "lmi"]
[SourceDate "2011.04.11"]

1. e4 e6 2. d4 d5 3. Nd2 Nf6 4. e5 Nfd7 5. Bd3 c5 6. c3 Nc6 7. Ne2 a5 8. O-O
cxd4 9. cxd4 a4 10. f4 g6 11. Nf3 Nb6 12. Nc3 Bd7 13. Kh1 Na5 14. f5 exf5 15.
g4 f4 16. Bxf4 Bxg4 17. Nxa4 Nxa4 18. Bb5+ Nc6 19. Bxa4 Bg7 20. Bxc6+ bxc6 21.
Qd2 Qb6 22. Qc3 O-O 23. a3 Bf5 24. Nd2 Rae8 25. Be3 f6 26. Rxf5 gxf5 27. Rg1
Kh8 28. Nf3 Qb5 29. e6 Qe2 30. Nh4 Rxe6 31. Rg3 f4 0-1

[Event "Zagreb Open 2011 Grupo B"]
[Site "Zagreb CRO"]
[Date "2011.04.15"]
[Round "5.1"]
[White "Basaric, Srdan"]
[Black "Petrusic, Toni"]
[Result "1-0"]
[WhiteElo "2166"]
[BlackElo "2164"]
[PlyCount "51"]
[EventDate "2011.04.11"]
[EventType "swiss"]
[EventRounds "9"]
[EventCountry "CRO"]
[Source "lmi"]
[SourceDate "2011.04.11"]

1. e4 e6 2. d3 c5 3. g3 Nc6 4. Bg2 g6 5. Nc3 Bg7 6. Be3 d6 7. Qd2 Nd4 8. Nd1 e5
9. c3 Ne6 10. Ne2 Ne7 11. d4 f5 12. d5 Nc7 13. f3 O-O 14. Nf2 fxe4 15. fxe4 Ne8
16. O-O Nf6 17. c4 a5 18. a4 Bd7 19. Nc3 Qb6 20. Nb5 Rad8 21. Ra3 Nc8 22. Bg5
Qa6 23. Rf3 b6 24. Nd3 Nh5 25. Bxd8 Rxd8 26. Qg5 1-0

[Event "Zagreb Open 2011 Grupo B"]
[Site "Zagreb CRO"]
[Date "2011.04.15"]
[Round "5.2"]
[White "Medic, Mirjana"]
[Black "Draganic, Stjepan"]
[Result "1/2-1/2"]
[WhiteElo "2271"]
[BlackElo "2157"]
[PlyCount "20"]
[EventDate "2011.04.11"]
[EventType "swiss"]
[EventRounds "9"]
[EventCountry "CRO"]
[Source "lmi"]
[SourceDate "2011.04.11"]

1. d4 Nf6 2. c4 c5 3. d5 b5 4. cxb5 a6 5. bxa6 g6 6. Nc3 Bxa6 7. Nf3 Bg7 8. g3
d6 9. Bg2 Nbd7 10. O-O O-O 1/2-1/2

[Event "Zagreb Open 2011 Grupo B"]
[Site "Zagreb CRO"]
[Date "2011.04.15"]
[Round "5.4"]
[White "Maslac, Zvonimir"]
[Black "Lasic, Luka"]
[Result "0-1"]
[WhiteElo "2114"]
[BlackElo "2209"]
[PlyCount "126"]
[EventDate "2011.04.11"]
[EventType "swiss"]
[EventRounds "9"]
[EventCountry "CRO"]
[Source "lmi"]
[SourceDate "2011.04.11"]

1. e4 d6 2. d4 Nf6 3. Nc3 Nbd7 4. Nf3 e5 5. Bc4 Be7 6. O-O O-O 7. h3 c6 8. a4
a5 9. Qe2 Qc7 10. dxe5 dxe5 11. Nh4 Bb4 12. Nf5 Nb6 13. Bg5 Ne8 14. Bb3 Be6 15.
Rad1 Bxb3 16. cxb3 f6 17. Be3 Kh8 18. Bxb6 Qxb6 19. Qc4 Qc7 20. Qe6 Qf7 21.
Qxf7 Rxf7 22. Rd3 g6 23. Nh6 Re7 24. Rfd1 Kg7 25. Ng4 Nc7 26. Ne3 Ne6 27. Rd7
Rae8 28. Na2 Nc5 29. Rxe7+ Rxe7 30. Nxb4 axb4 31. Nc2 Nxe4 32. Nxb4 Nc5 33. a5
Kf7 34. a6 Nxa6 35. Nxa6 bxa6 36. Ra1 Ra7 37. Rc1 Rc7 38. Ra1 Ke6 39. Rxa6 Kd5
40. Rb6 Kc5 41. Rb8 Rd7 42. b4+ Kc4 43. Rb6 Rc7 44. Kf1 f5 45. Ke2 e4 46. Ke3
Rc8 47. g4 Rc7 48. gxf5 gxf5 49. Kf4 Kd3 50. b5 cxb5 51. Rxb5 Rc2 52. Rb3+ Kd4
53. Kg3 f4+ 54. Kg2 e3 55. Rb4+ Ke5 56. Rb5+ Kf6 57. Rb6+ Kg5 58. Rb5+ Kh4 59.
Rb7 Rxf2+ 60. Kg1 Kg3 61. Rg7+ Kf3 62. Rxh7 Rg2+ 63. Kh1 Rd2 0-1

[Event "Zagreb Open 2011 Grupo B"]
[Site "Zagreb CRO"]
[Date "2011.04.15"]
[Round "5.5"]
[White "Franciskovic, Vinko"]
[Black "Naglic Franjkovic, Marko"]
[Result "0-1"]
[WhiteElo "2132"]
[BlackElo "2167"]
[PlyCount "74"]
[EventDate "2011.04.11"]
[EventType "swiss"]
[EventRounds "9"]
[EventCountry "CRO"]
[Source "lmi"]
[SourceDate "2011.04.11"]

1. e4 d5 2. exd5 Qxd5 3. Nc3 Qa5 4. g3 Nf6 5. Bg2 c6 6. Nge2 Bf5 7. b4 Qd8 8.
b5 Bc8 9. O-O e6 10. Rb1 Be7 11. d3 O-O 12. Bf4 cxb5 13. Nxb5 Na6 14. c4 Ne8
15. d4 g5 16. Be3 Nac7 17. Qd2 Nxb5 18. Rxb5 Nd6 19. Rc5 f6 20. Rc1 a5 21. Qc2
Bd7 22. h4 b6 23. Bxa8 bxc5 24. dxc5 Nf5 25. Be4 Nxe3 26. fxe3 Bxc5 27. Qd3 Qe7
28. Rb1 Bc8 29. Rd1 f5 30. Bg2 gxh4 31. Kf1 hxg3 32. Nf4 Qf6 33. Ke2 Qe5 34.
Rc1 Ba6 35. Bc6 Qb2+ 36. Qd2 Bxc4+ 37. Nd3 Bxd3+ 0-1

[Event "Zagreb Open 2011 Grupo B"]
[Site "Zagreb CRO"]
[Date "2011.04.15"]
[Round "5.7"]
[White "Ljubic, Juro"]
[Black "Cop, Tomislav"]
[Result "1/2-1/2"]
[WhiteElo "2189"]
[BlackElo "2268"]
[PlyCount "81"]
[EventDate "2011.04.11"]
[EventType "swiss"]
[EventRounds "9"]
[EventCountry "CRO"]
[Source "lmi"]
[SourceDate "2011.04.11"]

1. b3 Nf6 2. Bb2 g6 3. f4 Bg7 4. Nf3 O-O 5. e3 d6 6. Be2 e5 7. fxe5 Nfd7 8. O-O
dxe5 9. e4 Nc6 10. Bb5 Nd4 11. Nxd4 exd4 12. Bxd7 Bxd7 13. d3 f5 14. Nd2 Bc6
15. Qe2 Qe7 16. Rae1 Rae8 17. a4 Qc5 18. Kh1 Bh6 19. Qd1 Be3 20. Nc4 fxe4 21.
Rxf8+ Rxf8 22. Ba3 Qg5 23. Bxf8 exd3 24. Nxe3 dxe3 25. Rg1 e2 26. Qe1 Kxf8 27.
Qf2+ Kg8 28. cxd3 Qd2 29. Re1 Qxd3 30. Rxe2 Qxb3 31. a5 a6 32. h4 Qd1+ 33. Kh2
Qd6+ 34. Qg3 Qf6 35. Rf2 Qe7 36. Qc3 Qxh4+ 37. Kg1 Qe7 38. Qc4+ Kg7 39. Qd4+
Kg8 40. Qc4+ Kg7 41. Qd4+ 1/2-1/2

[Event "Zagreb Open 2011 Grupo B"]
[Site "Zagreb CRO"]
[Date "2011.04.15"]
[Round "5.8"]
[White "Curic, Drazen"]
[Black "Blazeka, Matej"]
[Result "1/2-1/2"]
[WhiteElo "2264"]
[BlackElo "2163"]
[PlyCount "84"]
[EventDate "2011.04.11"]
[EventType "swiss"]
[EventRounds "9"]
[EventCountry "CRO"]
[Source "lmi"]
[SourceDate "2011.04.11"]

1. b3 e5 2. Bb2 d6 3. g3 g6 4. Bg2 Bg7 5. e3 Ne7 6. Ne2 O-O 7. d3 Nd7 8. Nd2 f5
9. O-O Nf6 10. c4 c6 11. b4 Qc7 12. Nf3 Nh5 13. Qb3 a5 14. bxa5 Rxa5 15. a4 h6
16. Bc3 Ra6 17. Rfb1 g5 18. c5+ d5 19. d4 f4 20. dxe5 fxe3 21. fxe3 g4 22. Nh4
Bxe5 23. Rf1 Be6 24. Rxf8+ Kxf8 25. Qb2 Bxc3 26. Qxc3 Ke8 27. Nd4 Qe5 28. Qb3
Nf6 29. Re1 Ra7 30. Qb6 Rxa4 31. Qxb7 Bd7 32. Qb1 Kf7 33. Qd1 Rc4 34. Nb3 Kg7
35. Bf1 Rb4 36. Nd4 Ne4 37. Bg2 Nxc5 38. Qa1 Nd3 39. Re2 c5 40. Qa7 Rb1+ 41.
Bf1 cxd4 42. Qxd7 Kf7 1/2-1/2

[Event "Zagreb Open 2011 Grupo B"]
[Site "Zagreb CRO"]
[Date "2011.04.15"]
[Round "5.9"]
[White "Petrovic, Zvonko"]
[Black "Dragojevic, Miodrag"]
[Result "1-0"]
[WhiteElo "2210"]
[BlackElo "2156"]
[PlyCount "65"]
[EventDate "2011.04.11"]
[EventType "swiss"]
[EventRounds "9"]
[EventCountry "CRO"]
[Source "lmi"]
[SourceDate "2011.04.11"]

1. Nf3 b6 2. g3 Bb7 3. Bg2 c5 4. O-O e6 5. d3 f5 6. e4 fxe4 7. Ng5 Nf6 8. Nc3
Nc6 9. dxe4 e5 10. Nd5 Be7 11. Nxe7 Qxe7 12. c3 O-O 13. Qc2 Rad8 14. h3 Na5 15.
Re1 Kh8 16. b3 Nc6 17. Nf3 b5 18. a3 a5 19. Bg5 b4 20. axb4 axb4 21. cxb4 Nxb4
22. Qc3 d6 23. Nh4 g6 24. f4 Kg7 25. f5 Nc6 26. Qd2 Nd4 27. Bh6+ Kg8 28. fxg6
Rfe8 29. Qg5 Kh8 30. Ra7 Rd7 31. Rf1 Bxe4 32. Rxf6 Bxg6 33. Rxd7 1-0

[Event "Zagreb Open 2011 Grupo B"]
[Site "Zagreb CRO"]
[Date "2011.04.15"]
[Round "5.11"]
[White "Vrsek, Ivan"]
[Black "Hamer, Ivan"]
[Result "1-0"]
[WhiteElo "2204"]
[BlackElo "2094"]
[PlyCount "83"]
[EventDate "2011.04.11"]
[EventType "swiss"]
[EventRounds "9"]
[EventCountry "CRO"]
[Source "lmi"]
[SourceDate "2011.04.11"]

1. d4 Nf6 2. c4 g6 3. Nc3 d5 4. cxd5 Nxd5 5. e4 Nxc3 6. bxc3 c5 7. Nf3 Bg7 8.
Be3 O-O 9. Rc1 Qa5 10. Qd2 cxd4 11. cxd4 Qxd2+ 12. Kxd2 Rd8 13. Ke1 Bg4 14. d5
Bxf3 15. gxf3 Nd7 16. Bh3 Be5 17. Ke2 Nb6 18. f4 Bd6 19. Kf3 Na4 20. Rc4 b5 21.
Rc6 Nb2 22. Rb1 Nc4 23. e5 Ba3 24. Ke4 Rab8 25. Rb3 Bb2 26. Bf1 a5 27. Bxc4
bxc4 28. Rxb8 Rxb8 29. Rxc4 f5+ 30. Kd3 Rb5 31. Rc8+ Kg7 32. Kc4 Rb4+ 33. Kc5
Ba3 34. Kc6 a4 35. Kd7 Re4 36. Bc5 Bxc5 37. Rxc5 Kf7 38. e6+ Kf6 39. Rc8 Rxf4
40. Rf8+ Ke5 41. Kxe7 Kxd5 42. Kf6 1-0